Ruiny Zamków w Łódzkim - Statystyki

Ogólne statystyki
  • Ten quiz został rozwiązany 12 razy
  • Średni wynik to 2 z 10
Statystyki odpowiedzi
Miejscowość % Poprawnych
Inowłódz
45%
Łęczyca
45%
Rawa Mazowiecka
27%
Besiekiery
18%
Drzewica
18%
Bąkowa Góra
9%
Gorzkowice
0%
Lutomiersk
0%
Majkowice
0%
Majkowice
0%
Nie znaleziono quizów pasujących do podanych kryteriów
Rozkład punktacji
Procent ludzi z każdym wynikiem
Percentyl według liczby udzielonych odpowiedzi
Twoja historia wyników
Nie rozwiązałeś tego quizu